Death Metal Band Logos - Statistics

General Stats
  • This quiz has been taken 208 times
  • The average score is 13 of 16
Answer Stats
Picture Answer % Correct
Cannibal Corpse
99%
Death
98%
Obituary
98%
Napalm Death
97%
Deicide
95%
Entombed
95%
Skinless
94%
Suffocation
94%
Exhumed
91%
Cryptopsy
88%
Mortician
88%
Gruesome
71%
Fulci
65%
PeelingFlesh
45%
Sanguisugabogg
45%
XAVLEGBMAOFFFASSSSITIMIWOAMNDUTROABCWAP
20%
No matching quizzes found
Score Distribution
Percent of People with Each Score
Percentile by Number Answered
Your Score History
You have not taken this quiz